000 00709nam a22002297a 4500
003 OSt
005 20140310181919.0
008 130717t xxu||||| |||| 00| 0 eng d
020 _a9780199128914
050 _aQA 37.2
_b.C241 2011
082 _aTR 510
_bC241fm 2011
100 _aCapewell, Dave
_91344
245 _aOxford AQA GCSE maths - foundation modular /
_cDavid Capewell
260 _aOxford, UK :
_bOxford University Press,
_cc2011.
300 _a456 p. :
_bcol. ill. ;
_c26 cm.
521 _aFaculty
541 _j1
562 _e1
650 _aMathematics--
_xExaminations
_xStudy guides.
_91345
650 _aMathematics
_xProblems, exercises, etc.
_91346
942 _2lcc
_cBK-TR
_kTR
999 _c6881
_d6881